000 00422nam a2200181Ia 4500
001 4805
005 20260306145822.0
008 260306t1997||||xx |||||||||||||| ||spa||
041 _aESP
082 _a330.122
_bD95
100 _aDrucker, Peter F.
_eAUT
245 0 _aLa sociedad post capitalista
260 _c1997
300 _a244 páginas :
_c23 cm.
650 _aGEN
654 _aCAN
942 _cLIB
_dJUS
_fJUS
_2ddc
_n
999 _c4805
_d4805